ACC Football Teams by Color - Statistics

General Stats
  • This quiz has been taken 85 times
  • The average score is 12 of 17
Answer Stats
Picture Answer % Correct
Miami
91%
Florida State
86%
North Carolina
86%
Clemson
84%
Virginia Tech
84%
Duke
82%
Pittsburgh
77%
Wake Forest
75%
Boston College
74%
SMU
70%
Virginia
70%
Georgia Tech
68%
Syracuse
68%
California
67%
NC State
58%
Stanford
56%
Louisville
51%
No matching quizzes found
Score Distribution
Percent of People with Each Score
Percentile by Number Answered
Your Score History
You have not taken this quiz